[Event "BEL-ch U14 Girls"]
[Site "Blankenberge"]
[Date "2015.04.17"]
[Round "8"]
[White "Blond Hanten, Elsa"]
[Black "Mitran, Maria Carla Evelina"]
[Result "0-1"]
[WhiteElo "1449"]
[BlackElo "1591"]
[PlyCount "102"]
[EventDate "2015.04.12"]
[EventType "swiss"]
[EventRounds "9"]
[EventCountry "BEL"]
[SourceTitle "CBM 166 Extra"]
[Source "ChessBase"]
[SourceDate "2015.06.18"]
[SourceVersion "1"]
[SourceVersionDate "2015.06.18"]
[SourceQuality "1"]

1. e4 e5 2. Nf3 Nc6 3. Bc4 Bc5 4. c3 Nf6 5. d4 exd4 6. cxd4 Bb4+ 7. Bd2 Bxd2+ 8. Nbxd2 d6 9. h3 0-0 10. 0-0 h6 11. Rc1 Re8 12. Re1 a6 13. Qc2 Re7 14. a3 Bd7 15. b4 Rc8 16. Ba2 Na7 17. Qb3 c6 18. e5 dxe5 19. Rxe5 Be6 20. Qe3 Bxa2 21. Rxe7 Nd5 22. Re8+ Qxe8 23. Qxe8+ Rxe8 24. Rc2 Nxb4 25. axb4 Bd5 26. Ne5 Nb5 27. Ndf3 Nxd4 28. Nxd4 Rxe5 29. Kf1 Re4 30. Rd2 Bc4+ 31. Kg1 Re1+ 32. Kh2 Rb1 33. Nc2 Rb2 34. Kg3 Kh7 35. Kf3 Bb3 36. Rd7 Rxc2 37. Rxb7 c5 38. Rb6 cxb4 39. Rxb4 Bd5+ 40. Kg3 Rc3+ 41. Kh2 Be6 42. Ra4 Rc6 43. Kg3 Bc4 44. h4 Bb5 45. Ra2 Rc3+ 46. Kg4 Rc4+ 47. Kg3 Ra4 48. Rb2 Bc4 49. Rc2 Be6 50. Rc6 Rg4+ 51. Kh2 Rxh4+ 0-1

[Event "BEL-ch U14 Girls"]
[Site "Blankenberge"]
[Date "2015.04.15"]
[Round "5"]
[White "Mitran, Maria Carla Evelina"]
[Black "Swennen, Fleur"]
[Result "1/2-1/2"]
[WhiteElo "1591"]
[BlackElo "1498"]
[PlyCount "71"]
[EventDate "2015.04.12"]
[EventType "swiss"]
[EventRounds "9"]
[EventCountry "BEL"]
[SourceTitle "CBM 166 Extra"]
[Source "ChessBase"]
[SourceDate "2015.06.18"]
[SourceVersion "1"]
[SourceVersionDate "2015.06.18"]
[SourceQuality "1"]

1. d4 Nf6 2. c4 e6 3. Nf3 Bb4+ 4. Bd2 Qe7 5. a3 Bxd2+ 6. Nbxd2 d6 7. e4 e5 8. d5 Bg4 9. Bd3 Nbd7 10. b4 0-0 11. h3 Bh5 12. 0-0 a5 13. Qc2 Bxf3 14. Nxf3 Nh5 15. Qd2 b6 16. Bc2 Nf4 17. Ba4 Nf6 18. Qe3 Nd7 19. Bc6 Ra7 20. Ba4 Nf6 21. Bc2 N6h5 22. Kh2 Ng6 23. Qg5 Qxg5 24. Nxg5 Ngf4 25. Rfe1 Rfa8 26. b5 Rf8 27. g3 Ng6 28. a4 h6 29. Nf3 Nf6 30. Nd2 Nh7 31. Nf3 Ne7 32. g4 Ng6 33. Ng1 Ng5 34. Kg3 Raa8 35. h4 Nh7 36. Nh3 1/2-1/2

[Event "EU-ch U12 Girls 24th"]
[Site "Batumi"]
[Date "2014.10.26"]
[Round "7"]
[White "Mitran, Maria Carla Evelina"]
[Black "Yaganova, Lianna"]
[Result "0-1"]
[WhiteElo "1607"]
[BlackElo "1531"]
[PlyCount "56"]
[EventDate "2014.10.19"]
[EventType "swiss"]
[EventRounds "9"]
[EventCountry "GEO"]
[SourceTitle "EXT 2016"]
[Source "ChessBase"]
[SourceDate "2015.10.08"]
[SourceVersion "1"]
[SourceVersionDate "2015.10.08"]
[SourceQuality "1"]

1. Nf3 d5 2. d4 Bf5 3. g3 e6 4. Bg2 Nf6 5. 0-0 Bd6 6. Nc3 a6 7. Re1 0-0 8. Ne5 c5 9. e3 Nbd7 10. Nxd7 Qxd7 11. dxc5 Bxc5 12. e4 dxe4 13. Qxd7 Nxd7 14. Nxe4 Rac8 15. c3 b5 16. Rd1 Bxe4 17. Bxe4 Rc7 18. g4 Nf6 19. Bf3 e5 20. Re1 Re8 21. g5 Nd7 22. Be3 Bxe3 23. Rxe3 Nc5 24. Rd1 e4 25. Bg2 g6 26. Rd5 Ree7 27. h4 Nd3 28. Rd6 Nxb2 0-1

[Event "Maastricht Limburg op-C 8th"]
[Site "Maastricht"]
[Date "2014.06.08"]
[Round "4"]
[White "Mitran, Maria Carla Evelina"]
[Black "Muntean, Adrian"]
[Result "1-0"]
[WhiteElo "1466"]
[BlackElo "1000"]
[PlyCount "85"]
[EventDate "2014.06.06"]
[EventType "swiss"]
[EventRounds "7"]
[EventCountry "NED"]
[SourceTitle "EXT 2015"]
[Source "ChessBase"]
[SourceDate "2014.11.20"]
[SourceVersion "1"]
[SourceVersionDate "2014.11.20"]
[SourceQuality "1"]

1. e4 e5 2. Nf3 Nc6 3. Nc3 Bc5 4. Bb5 d6 5. d4 exd4 6. Nxd4 Qf6 7. Nf3 a6 8. Nd5 Qd8 9. Ba4 b5 10. Bb3 Ne5 11. Nxe5 dxe5 12. 0-0 c6 13. Nc3 Qxd1 14. Rxd1 f5 15. Bg5 Nf6 16. a3 h6 17. Bxf6 gxf6 18. Rd3 Bd4 19. exf5 a5 20. h3 h5 21. Re1 Ke7 22. Rxd4 Bxf5 23. Rd2 b4 24. Ne4 a4 25. Bc4 bxa3 26. bxa3 Rab8 27. Nc5 Ra8 28. Bd3 Bc8 29. Be4 Ra5 30. Nd3 Rg8 31. Kh2 c5 32. Nb2 f5 33. Bd5 Rg7 34. Rxe5+ Kf6 35. Re8 Bd7 36. Rh8 Ke7 37. Nc4 Rb5 38. Re2+ Kf6 39. Rh6+ Kg5 40. Rd6 Bc8 41. Nd2 f4 42. Re5+ Kh4 43. Nf3# 1-0

[Event "ROM-ch U10 Girls"]
[Site "Calimanesti"]
[Date "2014.04.12"]
[Round "8"]
[White "Mitran, Maria Carla Evelina"]
[Black "Maniul, Francesca Medeea"]
[Result "1-0"]
[WhiteElo "1059"]
[BlackElo "1001"]
[PlyCount "81"]
[EventDate "2014.04.06"]
[EventType "swiss"]
[EventRounds "9"]
[EventCountry "ROU"]
[SourceTitle "CBM 160 Extra"]
[Source "ChessBase"]
[SourceDate "2014.07.01"]
[SourceVersion "1"]
[SourceVersionDate "2014.07.01"]
[SourceQuality "1"]

1. f4 d5 2. e3 Nc6 3. Bb5 Nf6 4. Bxc6+ bxc6 5. b3 g6 6. Bb2 Bg7 7. Nf3 0-0 8. 0-0 Bg4 9. d3 Qd7 10. g3 Rad8 11. Qe1 Ne4 12. Bxg7 Kxg7 13. dxe4 Bxf3 14. Rxf3 dxe4 15. Rf1 Qd6 16. Nc3 Qd2 17. Qxd2 Rxd2 18. Rac1 f5 19. Rfd1 Rxd1+ 20. Rxd1 Kf6 21. Rd7 h5 22. Rxc7 Rd8 23. Rxc6+ e6 24. a4 Ke7 25. Rc7+ Rd7 26. Rxd7+ Kxd7 27. b4 Kc6 28. b5+ Kc5 29. a5 Kb4 30. b6 axb6 31. axb6 Ka5 32. b7 Ka6 33. b8Q Ka5 34. Nb1 Ka6 35. c4 Ka5 36. c5 Ka6 37. c6 Ka5 38. c7 Ka6 39. c8R Ka5 40. Rc2 Ka4 41. Ra2# 1-0

[Event "ROM-ch U10 Girls"]
[Site "Calimanesti"]
[Date "2014.04.09"]
[Round "4"]
[White "Mitran, Maria Carla Evelina"]
[Black "Moldovan, Andrada"]
[Result "1-0"]
[WhiteElo "1059"]
[BlackElo "1267"]
[PlyCount "125"]
[EventDate "2014.04.06"]
[EventType "swiss"]
[EventRounds "9"]
[EventCountry "ROU"]
[SourceTitle "CBM 160 Extra"]
[Source "ChessBase"]
[SourceDate "2014.07.01"]
[SourceVersion "1"]
[SourceVersionDate "2014.07.01"]
[SourceQuality "1"]

1. e4 e6 2. d4 Nc6 3. Nf3 Nf6 4. Nc3 Be7 5. Bd3 0-0 6. e5 Nd5 7. Nxd5 exd5 8. 0-0 d6 9. exd6 Qxd6 10. h3 Bd7 11. Qd2 Bf6 12. c3 Rae8 13. Qf4 Qe7 14. Re1 Qd8 15. Bd2 Re6 16. Ne5 Bxe5 17. dxe5 Rfe8 18. Qf5 g6 19. Qf4 Nxe5 20. Re3 Nxd3 21. Rxd3 c6 22. Rf3 Qe7 23. Qh6 Qf8 24. Qxf8+ Rxf8 25. Re1 Rd6 26. Bf4 Rf6 27. Bh6 Rxf3 28. gxf3 Rb8 29. Bf4 Rc8 30. Re7 Bxh3 31. Kh2 Be6 32. Rxb7 a5 33. Ra7 Rb8 34. Bxb8 Kf8 35. Rxa5 Ke7 36. b4 Kd7 37. b5 cxb5 38. Rxb5 Kc8 39. Bg3 Bd7 40. Rb4 f5 41. a4 g5 42. f4 g4 43. a5 Bc6 44. Rb6 Kc7 45. Rb1 h5 46. Ra1 Ba8 47. Re1 Kb7 48. Re5 Ka6 49. Rxf5 Kxa5 50. Re5 Kb5 51. f5 Kc5 52. f6 Bc6 53. f7 Kc4 54. f8Q Bb5 55. Qb4+ Kd3 56. Qxb5+ Kxc3 57. Qxd5 Kb4 58. Qd4+ Kb3 59. Re3+ Kc2 60. Qd3+ Kc1 61. Qe2 Kb1 62. Qd2 Ka1 63. Re1# 1-0

[Event "ROM-ch U10 Girls"]
[Site "Calimanesti"]
[Date "2014.04.07"]
[Round "2"]
[White "Mitran, Maria Carla Evelina"]
[Black "Radulescu, Georgiana Monica"]
[Result "1-0"]
[WhiteElo "1059"]
[BlackElo "1001"]
[PlyCount "47"]
[EventDate "2014.04.06"]
[EventType "swiss"]
[EventRounds "9"]
[EventCountry "ROU"]
[SourceTitle "CBM 160 Extra"]
[Source "ChessBase"]
[SourceDate "2014.07.01"]
[SourceVersion "1"]
[SourceVersionDate "2014.07.01"]
[SourceQuality "1"]

1. e4 e5 2. Nf3 Nc6 3. d4 d6 4. dxe5 dxe5 5. Qxd8+ Nxd8 6. Nxe5 Bd6 7. Nf3 Nf6 8. e5 Bb4+ 9. c3 Ba5 10. exf6 gxf6 11. Bc4 Nc6 12. 0-0 Ne5 13. Nxe5 fxe5 14. Re1 f6 15. Bh6 Rg8 16. Bxg8 Bf5 17. Rd1 Bg4 18. Rd5 c6 19. Rxa5 Rd8 20. Nd2 Rxd2 21. Bxd2 b6 22. Rxa7 f5 23. Bg5 e4 24. Be6 1-0

[Event "ROM-ch U10 Girls"]
[Site "Calimanesti"]
[Date "2013.04.03"]
[Round "3"]
[White "Parausanu, Adriana Georgia"]
[Black "Mitran, Maria Carla Evelina"]
[Result "1-0"]
[WhiteElo "1001"]
[BlackElo "1036"]
[PlyCount "21"]
[EventDate "2013.04.02"]
[EventType "swiss"]
[EventRounds "9"]
[EventCountry "ROU"]
[SourceTitle "CBM 153 Extra"]
[Source "ChessBase"]
[SourceDate "2013.04.22"]
[SourceVersion "1"]
[SourceVersionDate "2013.04.22"]
[SourceQuality "1"]

1. e4 c5 2. c3 e6 3. Nf3 Nf6 4. Be2 Be7 5. 0-0 0-0 6. d4 b6 7. Bg5 h6 8. Qd3 hxg5 9. Nxg5 Bb7 10. e5 Nd5 11. Qh7# 1-0